Detalles MARC
| 000 -CABECERA |
| Longitud fija campo de control |
02582nam a2200337 a 4500 |
| 003 - • IDENTIFICADOR DELl NÚMERO DE CONTROL |
| Identificador del número de control |
CO-ViMGA |
| 005 - • FECHA Y HORA DE LA ÚLTIMA TRANSACCIÓN |
| Fecha y hora de la última transacción |
20230915233139.0 |
| 008 - • CÓDIGOS DE INFORMACIÓN DE LONGITUD FIJA |
| Códigos de información de longitud fija |
151019s2015 ck a gr 00010 spa d |
| 020 ## - • NÚMERO INTERNACIONAL NORMALIZADO PARA LIBROS |
| Número Internacional Normalizado para Libros (ISBN) |
9789585823150 |
| 040 ## - FUENTE DE LA CATALOGACIÓN |
| Centro catalogador de origen |
CO-ViMGA |
| Lengua de catalogación |
spa |
| Centro transcriptor |
CO-ViMGA |
| 043 ## - CÓDIGO DE ÁREA GEOGRÁFICA |
| Código de área geográfica |
n-mx--- |
| 082 04 - • NÚMERO DE LA CLASIFICACIÓN DECIMAL DEWEY |
| Número de clasificación (R) |
711.40972 |
| Número del ítem |
M39 |
| Número de edición |
21 |
| 245 00 - • TITULO PROPIAMENTE DICHO |
| Título |
México : |
| Resto del título |
centralidades históricas y proyectos de ciudad / |
| Mención de responsabilidad, etc. |
René Coulomb (coordinador). |
| 250 ## - • MENCIÓN DE EDICIÓN |
| Mención de edición |
Segunda edición. |
| 300 ## - • DESCRIPCIÓN FÍSICA |
| Extensión |
435 páginas : |
| Otras características físicas |
ilustraciones,gráficos ; |
| Dimensiones |
20 cm. |
| 490 1# - • MENCIÓN DE SERIE |
| Mención de serie |
Centralidades ; |
| Designación de volumen o secuencia |
2 |
| 504 ## - • NOTA DE BIBLIOGRAFÍA, ETC |
| Nota de bibliografía, etc. |
Incluye bibliografías. |
| 505 00 - • NOTA DE CONTENIDO CON FORMATO |
| Nota de contenido con formato |
Los centros históricos : {espacios posmodernos? (De choques de imaginarios y otros conflictos) / Daniel Hiernaux -- Usos y desusos en la ciudad vieja-centro histórico de Puebla / Elsa Patiño Tovar -- Confrontación de intereses inmobiliarios en el centro histórico de la ciudad de México / Carlos Morales Schechinger -- La ciudad central : un espacio disputado Emilio Duhau y Angela Giglia -- Ciudades históricas en México : rehabilitación y desarrollo / Salvador Díaz-Berrío Fernández y Alberto Conzález Pozo -- Producción de los centros y formas de acción pública / Patrice Melé -- Modelos financieros para el rescate del centro histórico de la Ciudad de México / Manuel Perló Cohen y Juliette Bonnafé -- El centro histórico de Querétaro : gentrificación light y vida cultural / Carmen Imelda González Gómez -- El centro histórico de Morelia : una buena práctica de revalorización del patrimonio / Luis Felipe Cabrales Barajas -- Nuevos enfoques para el ordenamiento de los centros históricos : El caso de Puebla / Guadalupe Milián Avila -- Construyendo utopías desde el centro / René Coulomb -- Del centro histórico de Tlalpan al centro comerial Cuicuilco : la construcción de la multicentralidad urbana / María Ana Portal Ariosa. |
| 650 14 - • PUNTO DE ACCESO ADICIONAL DE MATERIA - TÉRMINO DE MATERIA |
| Término de materia o nombre geográfico como elemento inicial |
Uso de la tierra |
| Subdivisión geográfica |
Ciudad de México (México) |
| 650 14 - • PUNTO DE ACCESO ADICIONAL DE MATERIA - TÉRMINO DE MATERIA |
| Término de materia o nombre geográfico como elemento inicial |
Distritos comerciales |
| Subdivisión de materia general |
Planificación |
| Subdivisión geográfica |
Ciudad de México (México) |
| 650 14 - • PUNTO DE ACCESO ADICIONAL DE MATERIA - TÉRMINO DE MATERIA |
| Término de materia o nombre geográfico como elemento inicial |
Distritos comerciales |
| Subdivisión de materia general |
Planificación |
| Subdivisión geográfica |
México. |
| 650 14 - • PUNTO DE ACCESO ADICIONAL DE MATERIA - TÉRMINO DE MATERIA |
| Término de materia o nombre geográfico como elemento inicial |
DISTRITOS HISTORICOS |
| Subdivisión geográfica |
Ciudad de México (México) |
| 650 14 - • PUNTO DE ACCESO ADICIONAL DE MATERIA - TÉRMINO DE MATERIA |
| Término de materia o nombre geográfico como elemento inicial |
DISTRITOS HISTORICOS |
| Subdivisión geográfica |
México. |
| 650 14 - • PUNTO DE ACCESO ADICIONAL DE MATERIA - TÉRMINO DE MATERIA |
| Término de materia o nombre geográfico como elemento inicial |
Rehabilitación urbana |
| Subdivisión geográfica |
Ciudad de México (México) |
| 650 14 - • PUNTO DE ACCESO ADICIONAL DE MATERIA - TÉRMINO DE MATERIA |
| Término de materia o nombre geográfico como elemento inicial |
Urbanismo |
| Subdivisión de materia general |
Historia |
| Subdivisión geográfica |
Ciudad de México (México) |
| 651 2# - • PUNTO DE ACCESO ADICIONAL DE MATERIA - NOMBRE GEOGRÁFICO |
| Nombre geográfico |
Centro Histórico de Ciudad de México (México) |
| 700 1# - • PUNTO DE ACCESO ADICIONAL - NOMBRE DE PERSONA |
| Nombre de persona |
Coulomb, René, |
| Término indicativo de función |
coordinador. |
| 942 ## - ENTRADA DE ELEMENTOS AGREGADOS (KOHA) |
| Fuente de clasificaión o esquema |
Dewey Decimal Classification |